Archeology and the Old Testament. (Record no. 6723)
[ view plain ]
| 000 -LEADER | |
|---|---|
| fixed length control field | 00411cam a2200145u 4500 |
| 001 - CONTROL NUMBER | |
| control field | 8859774 |
| 005 - DATE AND TIME OF LATEST TRANSACTION | |
| control field | 20250627101650.0 |
| 008 - FIXED-LENGTH DATA ELEMENTS--GENERAL INFORMATION | |
| fixed length control field | 810313s1954 miu 000 0 eng |
| 050 00 - LIBRARY OF CONGRESS CALL NUMBER | |
| Classification number | BS1180 |
| Item number | .U6 |
| 100 1# - MAIN ENTRY--PERSONAL NAME | |
| Personal name | Unger, Merrill Frederick, |
| Dates associated with a name | 1909- [from old catalog] |
| 245 10 - TITLE STATEMENT | |
| Title | Archeology and the Old Testament. |
| 260 ## - PUBLICATION, DISTRIBUTION, ETC. | |
| Place of publication, distribution, etc. | Grand Rapids, |
| Name of publisher, distributor, etc. | Zondervan Pub. House |
| Date of publication, distribution, etc. | [1954] |
| 300 ## - PHYSICAL DESCRIPTION | |
| Extent | p. cm. |
| 942 ## - ADDED ENTRY ELEMENTS (KOHA) | |
| Source of classification or shelving scheme | Library of Congress Classification |
| Koha item type | Books |
| Suppress in OPAC | No |
| 999 ## - | |
| -- | 6723 |
| -- | 6723 |
| Withdrawn status | Lost status | Source of classification or shelving scheme | Damaged status | Not for loan | Collection | Home library | Current library | Shelving location | Date acquired | Total checkouts | Full call number | Barcode | Date last seen | Copy number | Price effective from | Koha item type |
|---|---|---|---|---|---|---|---|---|---|---|---|---|---|---|---|---|
| Library of Congress Classification | Non-fiction | Undergraduate Library (Christ Temple) | Undergraduate Library (Christ Temple) | General stacks | 06/27/2025 | BS1180 UNG | ulct00003562 | 06/27/2025 | 1 | 06/07/2025 | Books |